[Event "AUS-ch U18"]
[Site "Adelaide"]
[Date "1998.01.23"]
[Round "9"]
[White "Saw, Geoffrey"]
[Black "Soloveychik, Sasha"]
[Result "1-0"]
[WhiteElo "1850"]
[BlackElo "1651"]
[PlyCount "105"]
[EventDate "1998.01.12"]
[EventType "swiss"]
[EventRounds "11"]
[EventCountry "AUS"]
[SourceTitle "EXT 2024"]
[Source "ChessBase"]
[SourceDate "2023.10.10"]
[SourceVersion "1"]
[SourceVersionDate "2023.10.10"]
[SourceQuality "1"]

1. d4 d5 2. c4 e6 3. Nc3 c5 4. cxd5 exd5 5. Nf3 Nc6 6. g3 Nf6 7. Bg2 Be7 8. 0-0 0-0 9. Bg5 c4 10. Re1 h6 11. Bf4 Bf5 12. Ne5 Bb4 13. Nxc6 bxc6 14. Bd2 c5 15. a3 Bxc3 16. Bxc3 Ne4 17. dxc5 Nxc3 18. bxc3 Be6 19. Qd4 Rc8 20. Red1 Qe7 21. Bxd5 Bxd5 22. Qxd5 Qxe2 23. Rab1 Qa2 24. c6 Qxa3 25. Qxc4 Qe7 26. Rd5 Rc7 27. Rc5 Rfc8 28. Ra1 Qe6 29. Qxe6 fxe6 30. Ra6 Kf7 31. h4 Ke7 32. Rc4 Kd6 33. Kg2 Rb8 34. Rd4+ Ke7 35. Rb4 Rxb4 36. cxb4 Kd6 37. Kf3 Kd5 38. Kf4 Kc4 39. Ke5 Kb5 40. Kd6 Rc8 41. Kd7 Rf8 42. Ra5+ Kb6 43. Rc5 Rf7+ 44. Kd6 Rf8 45. Kd7 Rf7+ 46. Kxe6 Rf6+ 47. Kd7 Rf7+ 48. Kd8 Rf8+ 49. Ke7 Rc8 50. Kd7 Rc7+ 51. Kd6 Rf7 52. c7 Rf6+ 53. Ke7 1-0

[Event "AUS-ch U18"]
[Site "Adelaide"]
[Date "1998.01.20"]
[Round "7"]
[White "Saw, Geoffrey"]
[Black "Chow, Michael"]
[Result "1/2-1/2"]
[WhiteElo "1850"]
[BlackElo "1905"]
[PlyCount "65"]
[EventDate "1998.01.12"]
[EventType "swiss"]
[EventRounds "11"]
[EventCountry "AUS"]
[SourceTitle "EXT 2024"]
[Source "ChessBase"]
[SourceDate "2023.10.10"]
[SourceVersion "1"]
[SourceVersionDate "2023.10.10"]
[SourceQuality "1"]

1. d4 Nf6 2. c4 e6 3. Nf3 Bb4+ 4. Bd2 Qe7 5. g3 Nc6 6. Nc3 Bxc3 7. Bxc3 Ne4 8. Rc1 0-0 9. Bg2 d6 10. d5 Nd8 11. 0-0 e5 12. c5 f5 13. cxd6 cxd6 14. Nd2 Nf6 15. Nc4 g5 16. Bb4 Nf7 17. Qa4 Rd8 18. Qa3 a6 19. e3 f4 20. exf4 gxf4 21. gxf4 exf4 22. Rfe1 Qf8 23. Ba5 Bf5 24. Bxd8 Rxd8 25. Qc3 Qh6 26. Nd2 Ne5 27. Qc7 Rd7 28. Qb8+ Kf7 29. Nc4 Nxc4 30. Rxc4 Qg5 31. Kh1 Ng4 32. Qe8+ Kg7 33. Rc8 1/2-1/2

[Event "AUS-ch U18"]
[Site "Adelaide"]
[Date "1998.01.13"]
[Round "2"]
[White "Onufreichuk, Dima"]
[Black "Saw, Geoffrey"]
[Result "0-1"]
[WhiteElo "1438"]
[BlackElo "1850"]
[PlyCount "110"]
[EventDate "1998.01.12"]
[EventType "swiss"]
[EventRounds "11"]
[EventCountry "AUS"]
[SourceTitle "EXT 2024"]
[Source "ChessBase"]
[SourceDate "2023.10.10"]
[SourceVersion "1"]
[SourceVersionDate "2023.10.10"]
[SourceQuality "1"]

1. e4 c5 2. Nf3 Nc6 3. d4 cxd4 4. Nxd4 e5 5. Nb5 d6 6. c4 Be7 7. Be2 Be6 8. N1c3 a6 9. Na3 Bg5 10. Nc2 Bxc1 11. Rxc1 Nf6 12. Ne3 0-0 13. Ned5 Bxd5 14. cxd5 Nd4 15. 0-0 b5 16. a3 Qb6 17. b4 Rfc8 18. Kh1 Nxe2 19. Qxe2 Qd4 20. Rfd1 Qc4 21. f3 Nd7 22. Qxc4 Rxc4 23. Ne2 Rac8 24. Kg1 Rxc1 25. Rxc1 Rxc1+ 26. Nxc1 Nb6 27. Kf2 Nc4 28. a4 bxa4 29. Ke2 Kf8 30. Kd3 Nb6 31. Kc3 Ke7 32. b5 axb5 33. Kb4 Nc4 34. Kxb5 Ne3 35. Kxa4 Nxg2 36. Nd3 Nf4 37. Ne1 f5 38. Kb5 h5 39. Kc6 fxe4 40. fxe4 Nh3 41. Nf3 Nf2 42. Ng5 h4 43. Ne6 Kf6 44. Kxd6 Nxe4+ 45. Kc6 g5 46. Nc7 g4 47. d6 Nxd6 48. Kxd6 g3 49. Nd5+ Kg7 50. hxg3 h3 51. Kxe5 h2 52. Kf4 h1Q 53. Ne3 Kg6 54. Ng4 Qf1+ 55. Ke4 Qf5+ 0-1